Loading...

Constituents and properties of soils

Bibliographic Details
Main Author: Bonneau, M
Other Authors: Souchier, B
Format: Printed Book
Language:Undetermined
English
Published: London Acadamic Press 1982
Subjects:
LEADER 00612nam a2200193Ia 4500
008 140306s9999 xx 000 0 und d
041 |a eng 
082 |a 631.4  |b BON/CO 
100 |a Bonneau, M 
700 |a Souchier, B 
245 |a Constituents and properties of soils 
260 |a London  |b Acadamic Press  |c 1982 
300 |a 495 
365 |b Rs .165.00 
650 |a Agricultural chemistry 
650 |a Soil science 
942 |2 ddc  |c BK 
999 |c 120269  |d 120269 
952 |0 0  |1 0  |2 ddc  |4 0  |6 631_400000000000000_BONCO  |7 0  |9 119520  |a KAUHCV  |b KAUHCV  |d 2002-05-06  |g 165.00  |o 631.4 BON/CO  |p KAU_HCV-18778  |r 2014-03-22  |w 2014-03-22  |y BK